000 00883nam0a22002771 4500
001 RU\NLR\INFOCOMM_190\5000043978
005 20260419043622.0
010 _92000 экз.
035 _a(NLR Aleph) 009198690
090 _a13658170
_c13658170
100 _a20100420d1974 u y0rusy50 ca
101 0 _ahun
102 _aUA
105 _ay ||||000|y
200 1 _aSzabadságunkért harcoltak
_fHomenko Iván
210 _aUzshorod
_c"Kárpáti"
_d1974
215 _a103, [5] с.
_d20 см
300 _aВ вып. дан.: Иван Леонтьевич Хоменко. Герои карпатских сражений. Очерки
700 1 _6z01790
_aChomenko
_bI. L.
_gIvan Leont'evič
_4070
790 1 _6z01700
_aHomenko
_bI.
_gIván
_4070
801 0 _aRU
_bNLR
_gPSBO
801 1 _aRU
_bNLR
_c20100420
852 _aNLR
_jВ11 Д-3/92
942 _cBOOK
980 _aNB